| 000 | 00671nam a2200229Ia 4500 | ||
|---|---|---|---|
| 003 | OSt | ||
| 005 | 20221007080100.0 | ||
| 006 | a|||||r|||| 00| 0 | ||
| 007 | ta | ||
| 008 | 221006b |||||||| |||| 00| 0 eng d | ||
| 024 | _a27,136 | ||
| 037 | _cReports / Technical Reports | ||
| 040 |
_aFLL _cFLL _beng |
||
| 041 |
_2eng _aeng |
||
| 082 | _aZ4498, M2 | ||
| 100 |
_aJayasuriya D.C. _9694608 |
||
| 245 | 0 | _aLaw and social problems in modern Sri Lanka | |
| 260 |
_aNew Delhi _bSterling Publishers Pvt. Ltd. India _c1982 |
||
| 300 |
_avi,1-144p _ccm. |
||
| 942 |
_hZ4498, M2 _cREP _2CC |
||
| 999 |
_c1158312 _d1158312 |
||